Eliminácia daňových únikov prostredníctvom inovatívnych prístupov k daňovým subjektom

Efektívnejší výber daní. Daňový únik ako spoločenský fenomén na Slovensku. Modely, prístupy a systém daňovej identifikácie a ich spoľahlivosť.

Salvato in:
Dettagli Bibliografici
Autore principale: Schultzová, Anna
Altri autori: Rabatinová, Marcela, 1977-, Benko, Peter
Natura: Capitolo di libro
Lingua:slovacco
Soggetti:
Tags: Aggiungi Tag
Nessun Tag, puoi essere il primo ad aggiungerne!!

MARC

LEADER 00000naa$a2200000$$$4500
001 0240310
005 20240502073913.6
041 0 |a slo 
044 |a SK 
245 1 0 |a Eliminácia daňových únikov prostredníctvom inovatívnych prístupov k daňovým subjektom  |c Anna Schultzová, Marcela Rabatinová, Peter Benko 
520 |a Efektívnejší výber daní. Daňový únik ako spoločenský fenomén na Slovensku. Modely, prístupy a systém daňovej identifikácie a ich spoľahlivosť. 
610 2 0 |a únik daňový 
610 2 0 |a podvody 
610 2 0 |a podvody daňové 
610 2 0 |a politika daňová 
610 2 0 |a predpisy daňové 
610 2 0 |a Slovensko 
100 1 |a Schultzová, Anna 
700 1 |a Rabatinová, Marcela, 1977- 
700 1 |a Benko, Peter